000 01528nam a22003734a 4500
001 ebr10035678
003 CaPaEBR
006 m u
007 cr cn|||||||||
008 020314s2002 enka s 000 0 eng
010 _z 2002021905
020 _z9781846421549
020 _z1843107147
040 _aCaPaEBR
_cCaPaEBR
035 _a(OCoLC)559363044
050 1 4 _aRJ506.A9
_bG88 2002eb
082 0 4 _a618.92/898203
_221
100 1 _aGutstein, Steven E.
245 1 0 _aRelationship development intervention with young children
_h[electronic resource] :
_bsocial and emotional development activities for Asperger syndrome, autism, PDD, and NDL /
_cSteven E. Gutstein, and Rachelle K. Sheely.
260 _aLondon ;
_aPhiladelphia :
_bJessica Kingsley Pub.,
_c2002.
300 _a331 p. :
_bill.
533 _aElectronic reproduction.
_bPalo Alto, Calif. :
_cebrary,
_d2013.
_nAvailable via World Wide Web.
_nAccess may be limited to ebrary affiliated libraries.
650 0 _aAsperger's syndrome.
650 0 _aAutistic children
_xRehabilitation.
650 0 _aChild development.
650 0 _aChildren with disabilities
_xAttitudes.
650 0 _aDevelopmental disabilities.
650 0 _aFriendship in children.
650 0 _aSocial skills in children.
655 7 _aElectronic books.
_2local
700 1 _aSheely, Rachelle K.,
_d1942-
710 2 _aebrary, Inc.
856 4 0 _uhttp://site.ebrary.com/lib/rucke/Doc?id=10035678
_zAn electronic book accessible through the World Wide Web; click to view
999 _c58045
_d58045